00914cam a2200205 a 4500020001500000040000800015082002600023110001900049245037500068300004500443490001400488500001700502500002200519500006000541500003400601650003100635650001000666650001500676650001700691 a0160395682 cDLC a334 FAO 2016 C106 Or.1 aUnited States.10aCosmetic standards and pesticide use on fruits and vegetables :bhearing before the Committee on Agriculture, Nutrition, and Forestry, United States Senate, One Hundred Second Congress, second session, on hearings to examine the relationship between grade standards and pesticide use for fruits and vegetables, focusing on alternative pesticide practices, July 30, 1992. aiii, 67 pages :billustrations ;c24 cm.1 aS. hrg. ; aItem 1032-C. aItem 1032-D (MF). aDistributed to some depository libraries in microfiche. aShipping list no.: 93-0072-P. 0aPesticide residues in food 0aFruit 0aVegetables 0aFarm produce